000
00259nam a2200109Ia 4500
008
230312s9999||||xx |||||||||||||| ||und||
082
_a
621.382
_b
NIS-P
100
_a
Nisha;K
245
0
_a
Power System Operation and Control
650
_a
Engineering
942
_c
BK
999
_c
9520
_d
9520